| 000 | 01337nmc a2200481 a 4500 | ||
|---|---|---|---|
| 003 | AR-BaBNM | ||
| 005 | 20251128205035.0 | ||
| 008 | 156019s1993 ||||||||||||||000 | spa|| | ||
| 020 | _a950-602-279-2 | ||
| 040 | _cAR-BaBNM | ||
| 100 | 1 | _aWalzer, Michael | |
| 245 | 1 | 0 |
_aLa compañía de los críticos _bintelectuales y compromiso político en siglo veinte |
| 260 |
_aBuenos Aires _bNueva Visión _c1993 |
||
| 300 | 0 | _a255 p. | |
| 490 | 0 | _aCultura y sociedad | |
| 600 | 1 | 4 | _aCamus, Albert |
| 600 | 1 | 4 | _aBeauvoir, Simone De |
| 600 | 1 | 4 | _aGramsci, Antonio |
| 600 | 1 | 4 | _aFoucault, Michel |
| 600 | 1 | 4 | _aMarcuse, Herbert |
| 600 | 1 | 4 | _aOrwell, George |
| 600 | 1 | 4 |
_aBenda, Julien _d1867-1956 |
| 600 | 1 | 4 | _aBourne, Randolph |
| 600 | 1 | 4 | _aBuber, Martin |
| 600 | 1 | 4 | _aBreytenbach, Breyten |
| 650 | 4 | _aTEORIA LITERARIA | |
| 650 | 4 | _aHISTORIA CONTEMPORANEA | |
| 650 | 4 | _aSOCIOLOGIA CULTURAL | |
| 650 | 4 | _aCRITICA LITERARIA | |
| 650 | 4 | _aSOCIOLOGIA DEL ARTE | |
| 650 | 4 | _aESTUDIOS SOCIALES | |
| 650 | 4 | _aCULTUROLOGIA | |
| 650 | 4 | _aMODELOS CULTURALES | |
| 650 | 4 | _aFILOSOFIA CULTURAL | |
| 650 | 4 | _aPOLITICA | |
| 650 | 4 | _aEXISTENCIALISMO | |
| 650 | 4 | _aMARXISMO | |
| 655 | _aLITERATURA | ||
| 700 | 1 |
_aPons, Horacio _etraductor |
|
| 800 | 1 |
_aAltamirano, Carlos _edirector |
|
| 942 | _cBK | ||
| 998 | _cMARTIN | ||
| 999 |
_c9747 _d9747 |
||